Blake's Poetry & Desires (Record no. 1563)
[ view plain ]
| 000 -LEADER | |
|---|---|
| fixed length control field | 00371nam a2200145Ia 4500 |
| 008 - FIXED-LENGTH DATA ELEMENTS--GENERAL INFORMATION | |
| fixed length control field | 151213s9999 xx 000 0 und d |
| 100 ## - MAIN ENTRY--PERSONAL NAME | |
| Personal name | Mary Lynn Johnson |
| 245 ## - TITLE STATEMENT | |
| Title | Blake's Poetry & Desires |
| Statement of responsibility, etc. | Mary Lynn Johnson |
| 260 ## - PUBLICATION, DISTRIBUTION, ETC. (IMPRINT) | |
| Place of publication, distribution, etc. | London |
| Name of publisher, distributor, etc. | W.W.Norton |
| Date of publication, distribution, etc. | 2004 |
| 300 ## - PHYSICAL DESCRIPTION | |
| Extent | 2121 p. |
| 650 ## - SUBJECT ADDED ENTRY--TOPICAL TERM | |
| Topical term or geographic name as entry element | English |
| 650 ## - SUBJECT ADDED ENTRY--TOPICAL TERM | |
| Topical term or geographic name as entry element | English |
| 700 ## - ADDED ENTRY--PERSONAL NAME | |
| Personal name | Mary Lynn Johnson |
No items available.
